[Event "Gibraltar Amateur op-B"]
[Site "Caleta"]
[Date "2018.01.28"]
[Round "2"]
[White "Mena Castillo, Luis"]
[Black "Naldrett, Geoffrey William"]
[Result "1/2-1/2"]
[WhiteElo "1756"]
[BlackElo "1547"]
[PlyCount "97"]
[EventDate "2018.01.27"]
[EventType "swiss"]
[EventRounds "5"]
[EventCountry "GGB"]
[SourceTitle "EXT 2019"]
[Source "ChessBase"]
[SourceDate "2018.10.10"]
[SourceVersion "1"]
[SourceVersionDate "2018.10.10"]
[SourceQuality "1"]

1. e4 c6 2. d4 d5 3. e5 Bf5 4. f4 e6 5. Ne2 h5 6. Ng3 Bg6 7. Bd3 Bxd3 8. Qxd3 g6 9. Nc3 Be7 10. Bd2 Nd7 11. 0-0-0 Nb6 12. Kb1 Nc4 13. Bc1 a5 14. Rhf1 h4 15. Nge4 Nb6 16. Nc5 Bxc5 17. dxc5 Nd7 18. Be3 Ne7 19. g4 hxg3 20. hxg3 Nf5 21. Bf2 b5 22. g4 Ne7 23. Rh1 Rf8 24. Qd4 Qc7 25. Bh4 Qa7 26. Bf2 Kd8 27. Qd2 Kc7 28. Rh7 a4 29. Ne4 dxe4 30. Qxd7+ Kb8 31. Qd4 a3 32. Rxf7 Rxf7 33. Qd8+ Nc8 34. b3 Qe7 35. Qd2 Kc7 36. Qe3 Na7 37. b4 Rd8 38. Rd6 Nc8 39. Qxe4 Nxd6 40. cxd6+ Rxd6 41. exd6+ Qxd6 42. Be3 Qd1+ 43. Bc1 Qd5 44. Qe3 Kb7 45. Qxa3 Rd7 46. Be3 Kb8 47. Qc3 Qd1+ 48. Bc1 Qxg4 49. Qe5+ 1/2-1/2

[Event "Gibraltar Amateur op-A"]
[Site "Caleta"]
[Date "2017.01.25"]
[Round "3"]
[White "Mena Castillo, Luis"]
[Black "Stai, Sondre"]
[Result "0-1"]
[WhiteElo "1829"]
[BlackElo "1676"]
[PlyCount "108"]
[EventDate "2017.01.23"]
[EventType "swiss"]
[EventRounds "5"]
[EventCountry "GGB"]
[SourceTitle "CBM 176 Extra"]
[Source "ChessBase"]
[SourceDate "2017.03.02"]
[SourceVersion "1"]
[SourceVersionDate "2017.03.02"]
[SourceQuality "1"]

1. e4 c5 2. Nf3 d6 3. d4 cxd4 4. Nxd4 Nf6 5. Nc3 e6 6. Bg5 Be7 7. Qd2 a6 8. 0-0-0 Qc7 9. Be2 0-0 10. Nb3 Rd8 11. Qe3 Nc6 12. f4 b5 13. Bf3 Bb7 14. e5 dxe5 15. fxe5 Nd7 16. Bxc6 Bxg5 17. Qxg5 Bxc6 18. Rhe1 b4 19. Nb1 Bd5 20. Qe7 Rac8 21. Rd2 Nc5 22. Qxc7 Rxc7 23. c4 bxc3 24. Nxc3 Nxb3+ 25. axb3 Rb8 26. Kb1 Bxb3 27. Rd6 a5 28. Rd4 h6 29. Re3 Rbc8 30. Red3 a4 31. Rd8+ Rxd8 32. Rxd8+ Kh7 33. Rd4 Ra7 34. Nb5 Ra5 35. Rb4 f6 36. exf6 gxf6 37. Kc1 Ra6 38. Kd2 h5 39. Ke3 Kg6 40. h4 Rb6 41. Kd4 Bd5 42. Kc5 Rc6+ 43. Kd4 Bxg2 44. Rxa4 e5+ 45. Ke3 Rb6 46. Nc7 Rxb2 47. Ra6 Rc2 48. Ne8 Rc6 49. Ra2 Bh3 50. Ra7 f5 51. Rg7+ Kh6 52. Rg8 Rc8 53. Rh8+ Kg6 54. Rf8 Rc6 0-1